00485nam a22001937a 450000500170000000600190001700700030003600800410003901000140008002000100009403500140010403700130011808200060013110000170013724500340015426000300018827000420021830000310026020190205130941.0a|||||f|||| 00| 0 tc180720b xxu||||| |||| 00| 0 eng d aBR-003050 c05.00 aBR-003050 bA.I.C.B. aS aBond, Ruskin aSnake Troublecby Ruskin Bond aNew DelhibA.C.I.B.cN.D. aSector-5, Rohini,b New Delhie110085 avarious pages.c30cm (HB).